00000000nam##2200000za#4500
0019.534375
003CaOODSP
00520200401015232
007ta
008150406|2001||||xxc|||||     f|0| 0 fre|d
020 |a0-660-61471-5
040 |aCaOODSP|bfre
041 |aeng
041 |afre
043 |an-cn---
0861 |aBT31-2/2002-III-33
1101 |aCanada. |bConseil du trésor.
24510|aBureau du directeur général des élections
260 |aOttawa - Ontario : |bSecrétariat du Conseil du Trésor du Canada |c2001.
300 |aTexte français, 21p. : |btableaux ; |c28 cm.
4901 |aBudget des dépenses 2001-2002, partie III: rapport sur les plans et les priorités
546 |aBilingue
563 |aCouverture souple
590 |a01-14|b2001-04-06
69107|aPrévisions budgétaires|2gcpds
7760#|tBureau du directeur général des élections, budget des dépenses 2001-2002, un rapport sur les plans et les priorités |w(CaOODSP)9.599689
7760#|tOffice of the Chief Electoral Office, 2001-2002 estimates, a report on plans and priorities |w(CaOODSP)9.568400
791 |tOffice of the Chief Electoral Officer |eeng|w(CaOODSP)9.534374
830#0|aBudget des dépenses 2001-2002, partie III: rapport sur les plans et les priorités.|w(CaOODSP)9.508967